Statistieken voor Alle moderne landen ooit onder Belgisch bestuur met een kaart

Klik hier om de quiz te nemen!

Algemene statistieken

  • Deze quiz is 1.908 keer genomen
  • De gemiddelde score is 10 van 14

Antwoorden op de kaart

Antwoorden kleurgecodeerd door een groen-rode schaal op de quizkaart volgens % correct hieronder.
 

Antwoordstatistieken

Landen% Correct
België
96%
Luxemburg
95%
Democratische Republiek Congo
93%
Nederland
92%
Duitsland
91%
Rwanda
72%
Frankrijk
71%
Burundi
67%
Centraal-Afrikaanse Republiek
65%
Italië
60%
Oeganda
60%
Zuid-Soedan
56%
Guatemala
34%
China
25%

Scoreverdeling

Percentiel versus Aantal Correcte Antwoorden

Procent van Mensen met Elke Score

Uw Scoregeschiedenis

U heeft deze quiz nog niet genomen